000 01043nam a22003137a 4500
003 CHAP
005 20220329134426.0
008 971013s1983 r 00010 d
010 _a20301
011 _a21273
035 _a25363
040 _cCHAP
090 _aTesis
100 0 0 _aArce Herrera, Eduardo.
_96769
245 _aEvaluación de una explotación porcina ubicada en Tepejí del Río, Hidalgo, 12
260 _aMéxico, D.F., :
_bEl autor,
_c1983
300 _a70 h.
_b; gráfs
502 _aTesis (Médico Veterinario Zootecnista) -- UNAM. Fac. de Medicina Veterinaria y Zootecnia
590 _aALEPH
_b10
_c20130110
_lUCH01
_h1243
590 _aBATCH-UPD
_b10
_c20130110
_lUCH01
_h1953
590 _aBATCH-UPD
_b10
_c20130410
_lUCH01
_h1314
590 _aBATCH-UPD
_b10
_c20130914
_lUCH01
_h1520
590 _aCONVERSION
_b10
_c20130109
_lUCH01
_h1312
650 1 4 _aGanado porcino
_xHidalgo.
_945373
650 1 4 _aGanado porcino
_xProducción.
_945399
901 _aBK
942 _cTESIS
949 _bBC
_cTES
_d-58460
_eTS1
_i25363
_si
999 _c20301
_d20301